ნორმალური ფორმატი
MARC ფორმატი
ჩანაწერი Personal Name
ჩანაწერთა რაოდენობა, რომელიც გამოყენებულია: 1
001 - CONTROL NUMBER
- control field: 2180
003 - CONTROL NUMBER IDENTIFIER
- control field: GE_BSU
005 - DATE AND TIME OF LATEST TRANSACTION
- control field: 20190605192127.0
008 - FIXED-LENGTH DATA ELEMENTS
- fixed length control field: 190605|| aca||aabn | a|a d
040 ## - CATALOGING SOURCE
- Original cataloging agency: GE_BSU
- Transcribing agency: GE_BSU
100 ## - HEADING--PERSONAL NAME
- Personal name: პეტრე იბერი
670 ## - SOURCE DATA FOUND
- Source citation: Work cat.: (GE_BSU)36785: ჯაფარიძე, ანანია მიტროპოლიტი 2177, ცხოვრება და მოღვაწეობა წმიდისა და ნეტარისა მამისა ჩვენისა პეტრე ქართველისა, რომელიც იყო ძე ქართველთა მეფისა /
